Dlouhodobá komunikační strategie a role dat v brandbuildingu
Veľkou témou dnešnej doby je udržateľnosť. Obecne ju máme zafixovanú v súvislosti s hodnotovými témami globálnych trendov. Jedná sa však tež o zásadný atribút efektívneho marketingu. Miesto pojmu udržateľnosť v tomto prípade hovoríme o dlhodobom budovaní značky. Spoločenský vývoj je dynamický, minds...
Gespeichert in:
| 1. Verfasser: | |
|---|---|
| Format: | Buchkapitel |
| Sprache: | Tschechisch |
| Schlagworte: | |
| Tags: |
Keine Tags, Fügen Sie das erste Tag hinzu!
|
MARC
| LEADER | 00000naa a2200000 4500 | ||
|---|---|---|---|
| 001 | 0304566 | ||
| 005 | 20241014082308.5 | ||
| 041 | 0 | |a cze | |
| 044 | |a CZ | ||
| 245 | 1 | 0 | |a Dlouhodobá komunikační strategie a role dat v brandbuildingu |c David Palivec |
| 520 | |a Veľkou témou dnešnej doby je udržateľnosť. Obecne ju máme zafixovanú v súvislosti s hodnotovými témami globálnych trendov. Jedná sa však tež o zásadný atribút efektívneho marketingu. Miesto pojmu udržateľnosť v tomto prípade hovoríme o dlhodobom budovaní značky. Spoločenský vývoj je dynamický, mindset sa mení tak ako svet okolo nás. Prichádzajú negatívne udalosti - vojna, terorizmus, pandémia, ekonomické krízy, inflácia. Alebo naopak pozitívne - športové úspechy, nové technológie, medicínske výdobytky, alebo aj filmové trháky. To všetko ovplyvňuje aktuálne priority a emočné videnie sveta v obecnom duchu. | ||
| 610 | 2 | 0 | |a udržateľnosť |
| 610 | 2 | 0 | |a značky |
| 610 | 2 | 0 | |a stratégia marketingová |
| 610 | 2 | 0 | |a komunikácia |
| 100 | 1 | |a Palivec, David | |